मराठी नाट्यकला आणि नाट्यवाङ्रमय. (Record no. 676810)

MARC details
000 -LEADER
fixed length control field 00781nam a2200181Ia 4500
008 - FIXED-LENGTH DATA ELEMENTS--GENERAL INFORMATION
fixed length control field 100920s9999 xx 000 0 und d
082 ## - DEWEY DECIMAL CLASSIFICATION NUMBER
Item number 10368
Classification number 410 थ 59
100 ## - MAIN ENTRY--PERSONAL NAME
Personal name बनहट्टी श्रीनिवास नारायण.
245 ## - TITLE STATEMENT
Title मराठी नाट्यकला आणि नाट्यवाङ्रमय.
260 ## - PUBLICATION, DISTRIBUTION, ETC. (IMPRINT)
Name of publisher, distributor, etc गोळे व. ह, पुणे विद्यापीठ, पुणे.
Date of publication, distribution, etc 1959
300 ## - PHYSICAL DESCRIPTION
Extent 223
Other physical details साधी
365 ## - TRADE PRICE
Price amount 2.5
520 ## - SUMMARY, ETC.
Summary, etc भाषा.
630 ## - SUBJECT ADDED ENTRY--UNIFORM TITLE
Uniform title मराठी नाट्यकला आणि नाट्यवाङ्रमय.
650 ## - SUBJECT ADDED ENTRY--TOPICAL TERM
Topical term or geographic name as entry element भाषा.
730 ## - ADDED ENTRY--UNIFORM TITLE
Uniform title मराठी नाट्यकला आणि नाट्यवाङ्रमय.
942 ## - ADDED ENTRY ELEMENTS (KOHA)
Koha item type Book
Holdings
Withdrawn status Lost status Damaged status Not for loan Home library Current library Shelving location Date acquired Cost, normal purchase price Total Checkouts Barcode Date last seen Price effective from Koha item type Public note
        Shri Chhatrapati Pratapsinh Maharaj ( Thorle) Nagar Vachanalaya, Satara Shri Chhatrapati Pratapsinh Maharaj ( Thorle) Nagar Vachanalaya, Satara     2.50   SATVAC-10368 09/20/2010 09/20/2010 Book देवघेव